LIBRARY & INFORMATION CENTRE, KCAET, TAVANUR

ONLINE PUBLIC ACCESS CATALOGUE (OPAC)

Management of Industrial Effluents Through Vermicomposting (Record no. 15679)

MARC details
000 -LEADER
fixed length control field 00391nam a22001457a 4500
003 - CONTROL NUMBER IDENTIFIER
control field OSt
008 - FIXED-LENGTH DATA ELEMENTS--GENERAL INFORMATION
fixed length control field 190527b ||||| |||| 00| 0 eng d
020 ## - INTERNATIONAL STANDARD BOOK NUMBER
ISBN 9788189729325
082 ## - DEWEY DECIMAL CLASSIFICATION NUMBER
Classification number 631.875
Item number KES/MA
100 ## - MAIN ENTRY--AUTHOR NAME
Personal name Keshav, Singh.
245 ## - TITLE STATEMENT
Title Management of Industrial Effluents Through Vermicomposting
260 ## - PUBLICATION, DISTRIBUTION, ETC. (IMPRINT)
Place of publication New Delhi
Name of publisher Gene - Tech Books
Year of publication 2014
300 ## - PHYSICAL DESCRIPTION
Number of Pages 163 p.
942 ## - ADDED ENTRY ELEMENTS (KOHA)
Koha item type Books
Holdings
Withdrawn status Lost status Damaged status Collection code Home library Current library Shelving location Date acquired Cost, normal purchase price Full call number Accession Number Koha item type
      Non-fiction KAUAET KAUAET General Stacks 27/05/2019 890.00 631.875 KES/MA 25978 Books
free website counter